MDQL
is popping MORE tags! Check the
thread
!
Quizzes
Events
Quiz Creation
Community
Videos
Private Events
Remove Ads
Sign In
Join for FREE
Feedback
Dark Mode
Quiz Categories
Sports
Geography
Music
Movies
Television
Just For Fun
Miscellaneous
History
Literature
Language
Science
Gaming
Entertainment
Religion
Holiday
For Kids
Quiz Lab
Recent
Popular Today
Quiz Kudos Today
Editor Picks
Curator Picks
Quizzes by...
Day
Popularity
Type
Ratings
Length
Year
Community
Subscriptions
Recent Discussions
Orange Saloon
Badges
Playlists
Quests
Create
Leaderboards
Showdown
Live 5
Trivia Bingo
Activity
Puzzle Library
Sporcle Events
Private Events
Virtual Trivia
Globe League
Become a Host
Pub Owners
SporcleCon
Opinionation
Our Games
Videos
Blog
Mobile Apps
Partnerships
Remove Ads and Go Orange
Feedback
Television
TV Characters
TV Show
Sitcom
Network
Friends
Reality Shows
Cast
South Park
Star Trek
The Simpsons
Doctor Who
Television
TV Characters
TV Show
Sitcom
Network
Friends
Reality Shows
Cast
South Park
Star Trek
The Simpsons
Doctor Who
Random Quiz
Search Sporcle
×
Quiz Lab
Quiz Lab
Television
Baseball
Type in answers that appear in a list
Type in answers that appear in a list
Classic
Best Score? Go Orange.
MLBers Who've Been Involved with Someone from 'Baseball Wives' Stats
Can you name the MLB Players whose wife, ex-wife, or ex-girlfriend are on vh1's 'Baseball Wives'?
By
nushney
4m
9 Questions
26 Plays
26 Plays
26 Plays
Comments
Comments
Give Quiz Kudos
Give Quiz Kudos
-
- Ratings
hide this ad
More Info
Replay
Link that replays current quiz
Next Quiz
Link to next quiz in quiz playlist
You Got
0%
They Got
Avg Score
53%
Avg Friend Score
Upgrade to see
Score Distribution
Jump to the score distribution portion of the page
Score
0/9
Timer
04:00
0
Plays Today
Position
Name
% Correct
SP
Kris Benson (husband of Anna Benson)
80.8%
C
Jason Kendall (ex-husband of Chantel Kendall)
73.1%
1B
Mark Grace (ex-husband of Tanya Grace)
69.2%
CF
Nyjer Morgan (ex-boyfriend of Jordana Lenz)
61.5%
2B
Chuck Knoblauch (husband of Cheri Knoblauch)
53.8%
3B
Matt Williams (husband of Erika Monroe-Williams)
50%
RP
Kyle Farnsworth (husband of Shayla Farnsworth)
46.2%
RP
Ron Villone (husband of Brooke Villone)
26.9%
OF
Quinton McCracken (husband of Maggie McCracken)
23.1%
Quiz Playlist
Details
Report
Send in Message
Add To Playlist
More Info:
Includes starring and recurring women. I would've liked to have put this in the Television and Sports categories. * retired
Classic:
Type in answers that appear in a list
Quiz Source
Last Updated: Feb 16, 2017
Quiz Scoreboard
CHALLENGE
Sign Up to Join the Scoreboard
Show All
Scores
Hide
Comments
May contain spoilers
Recently Published
Image Sorting: Flags VI
by Barbecue
Geography
2m
Find the 'City' Movie
by crazypaving
Movies
60s
Colored Red Africa Blitz
by spor1
Geography
45s
More to Explore
Quiz From the Vault
Featured Blog Post
14 Easter Pick-up Lines to Find Eggs With
hide this ad
You Might Also Like...
Tags
Baseball Quiz
MLB Quiz
Ex-Girlfriend
Involved
Player
someone
team
Ulcer
VH1
Wife
Today's Top Quizzes in Television
Browse Television
hide this ad
Today's Top Quizzes in Baseball
Browse Baseball
Top Contributed Quizzes in Television
1
Survivor Journey Challenge
2
Brooklyn Nine Nine Logic Puzzle (How-To-Play)
3
Total Drama Characters
4
Adjectives in 00s TV Shows
5
Phoebe Buffay Quotes
6
Survivor Heroes vs. Villains Logic Puzzle
7
Survivor Trivia
8
Emmerdale Characters (from August 2012)
9
Game of Thrones: Tywin Lannister Start to Finish
10
Survivor Logic Puzzle: Heroes vs. Villains
Explore More
Trending Topics
Crossword
Harry Potter
Anime
NBA
Kpop
Marvel
Disney
Song
NFL
The Office
Pokémon
Puzzle
WWE
Country
Soccer
hide this ad
More By:
nushney
Quiz
Plays
Rating
Category
Featured
Created
2015 MLB Teams Most Common Lineups
9,868
3.80
Sports
Oct 26, 2015
1000 HR Teammates
9,617
4.63
Sports
Jun 13, 2011
WWE: Opponents of The Shield
9,199
3.89
Sports
Apr 11, 2013
2012 MLB Teams Most Common Lineups
8,824
4.57
Sports
Oct 20, 2012
Top 4 Most Populous Cities per State
8,507
3.85
Geography
Mar 22, 2010
Go to Creator's Profile
Score Distribution
Quiz Creator Spotlight
nushney
Follow
Send a Message
Quizzes Created
-
Created Quiz Play Count
-
More By This Creator
Popular Quizzes Today
1
Colored Red Africa Blitz
2
Find the US States - No Outlines Minefield
3
Find the 'City' Movie
4
5x2 Blitz: Bands
5
The Countries of the World
6
Find the US States
7
Find the Countries of Europe - No Outlines Minefield
8
US States
More Television Quizzes
Game of Thrones Character Deaths (Seasons 1-7)
Quiz Lab
Trending Quizzes
Colored Red Europe Blitz I
Colored Red Europe Blitz II
Colored Red Africa Blitz II
Colored Red Europe Blitz III
Colored Red Africa Blitz III
Recently Updated
How Do You Spell That?
pecheneg
Godzilla Movies
pecheneg
Grab Bag: 4-10 Letters
pecheneg
2024 March Madness Bracket
pecheneg
Famous TV Couples
Peacemaker
Champions League XIs: Real Madrid
pecheneg
Largest US Cities 1790-2010
pecheneg
Rides in Walt Disney World
pecheneg
Most Oscar Losses (Acting)
pecheneg
Beyoncé Albums
pecheneg
Trending Topics
Marvel
Kpop
Disney
Crossword
Harry Potter
Anime
NBA
NFL
Country
Song
WWE
Soccer
Pokémon
Puzzle
The Office
Your Account Isn't Verified!
In order to create a playlist on Sporcle, you need to verify the email address you used during registration. Go to your
Sporcle Settings
to finish the process.
Report this User
Report this user for behavior that violates our
Community Guidelines
.
Details:
Send Report
Go to the Sporcle.com Mobile Site →
Comments